000 00878nam a2200265 i 4500
001 bg
100 1 _aBielec, Jerzy.
245 1 0 _aBieda wiejska i możliwości jej łagodzenia poprzez proces aktywizacji społeczno-gospodarczej /
_cJerzy Bielec.
260 _aSzczecin :
_bPrint Group Daniel Krzanowski,
_c2007.
300 _a248, [8] s. :
_bil. ;
_c25 cm.
504 _aBibliogr. s. 240-248, wykaz aktów prawnych s. 239.
650 9 _aUbóstwo
_zPolska
_yod 2001 r.
650 9 _aWieś
_xgospodarka
_zPolska
_yod 2001 r.
651 9 _aZachodniopomorskie, województwo
655 _aDane statystyczne
015 _aPB 5132/2008
020 _a9788360903278
040 _cBPK
041 _apol
044 _aPOL
080 _a364.6-058.34:332.1](438-22)"2001/..."(083.41)
920 _a978-83-60903-27-8
942 _cKS
008 080129s2007 pl a |000 0 pol
999 _c55100
_d55100
856 _uhttp://koha.tu.koszalin.pl/cgi-bin/koha/opac-detail.pl?biblionumber=55100
_yKatalog online BPK